| 000 | 00484 a2200157 4500 | ||
|---|---|---|---|
| 999 |
_c10522 _d10522 |
||
| 020 | _a9781913342814 | ||
| 050 | _aKEA 212 WAD 2020 | ||
| 100 |
_aWade , Prter _eauthor |
||
| 245 |
_aA practical guide to residential conveyancing / _cPeter Wade |
||
| 264 |
_aBrighton : _b Emerald, _c2020 |
||
| 300 | _a156p. : | ||
| 500 | _aincludes index | ||
| 650 | _aConveyancing -- England -- Popular works. | ||
| 650 | _aConveyancing -- Wales -- Popular works. | ||
| 942 |
_2lcc _cBK _h212 _iWAD _kKEA |
||